| 000 | 00583cam a2200241ua 4500 | ||
|---|---|---|---|
| 020 | _c3.75 | ||
| 041 |
_aeng _h |
||
| 082 |
_a530 _bGOV/PH |
||
| 100 | _aGovinda Rajan, S R . | ||
| 245 |
_aPhysical Science Vol.1, Physics / _cS R Govinda Rajan. _hTextual Documents |
||
| 250 |
_a1 / _b. |
||
| 260 |
_aChennai : _bThe National Publishing Co , _c1964. |
||
| 300 | _a363 ; . | ||
| 362 | 0 | _a1- | |
| 365 | _a3.75 | ||
| 504 | _a | ||
| 650 | _aPhysics | ||
| 700 | 1 | _aMurugaiyan, T . | |
| 942 | _cBK | ||
| 999 |
_c147 _d147 |
||